书目信息 |
| 题名: |
一头想要被吃掉的猪
|
|
| 作者: | 巴吉尼, 著 ;张容南 , 杨志华 译 | |
| 分册: | ||
| 出版信息: | 上海 上海三联书店 2008.08 |
|
| 页数: | 300页 | |
| 开本: | 21cm | |
| 丛书名: | ||
| 单 册: | ||
| 中图分类: | B-49 | |
| 科图分类: | ||
| 主题词: | 哲学--zhe xue--普及读物 | |
| 电子资源: | ||
| ISBN: | 978-7-5426-2770-4 | |
| 000 | 01159nam0 2200301 450 | |
| 001 | 012008047274 | |
| 005 | 20080902080827.29 | |
| 010 | @a978-7-5426-2770-4@dCNY28.00 | |
| 100 | @a20080901d2008 em y0chiy0120 ea | |
| 101 | 1 | @achi@ceng |
| 102 | @aCN@b310000 | |
| 105 | @ay a 000yy | |
| 106 | @ar | |
| 200 | 1 | @a一头想要被吃掉的猪@Ayi tou xiang yao bei chi diao de zhu@e100个让人想破头的哲学问题@f(英) 朱利安·巴吉尼著@F(ying)zhu li an·ba ji ni zhu@g张容南, 杨志华译@Gzhang rong nan,yang zhi hua yi |
| 210 | @a上海@c上海三联书店@d2008.08 | |
| 215 | @a300页@d21cm | |
| 312 | @a英文并列题名取自封面 | |
| 320 | @a有书目 | |
| 330 | @a本书主要内容包括:邪恶的魔鬼、光纤传送、印度人与冰、虚拟出轨、一头想要被吃掉的猪、幸运之轮、善良的上帝、没有赢家等。 | |
| 500 | 10 | @aPig that wants to be eaten@mChinese |
| 517 | 1 | @a100个让人想破头的哲学问题@A100 ge rang ren xiang po tou de zhe xue wen ti |
| 606 | 0 | @a哲学@Azhe xue@j普及读物 |
| 690 | @aB-49@v4 | |
| 701 | 1 | @a巴吉尼,@Aba ji ni@b朱利安@4著 |
| 702 | 0 | @a张容南@Azhang rong nan@4译 |
| 702 | 0 | @a杨志华@Ayang zhi hua@4译 |
| 801 | 0 | @aCN@bQSSK@c20080902 |
| 905 | @b734528-30@dB-49@eB034@f3 | |
| 一头想要被吃掉的猪:100个让人想破头的哲学问题/(英) 朱利安·巴吉尼著/张容南, 杨志华译.-上海:上海三联书店,2008.08 |
| 300页;21cm |
| ISBN 978-7-5426-2770-4:CNY28.00 |
| 本书主要内容包括:邪恶的魔鬼、光纤传送、印度人与冰、虚拟出轨、一头想要被吃掉的猪、幸运之轮、善良的上帝、没有赢家等。 |
| ● |
| 相关链接 |
|
|
|
正题名:一头想要被吃掉的猪
索取号:B-49/B034
 
预约/预借
| 序号 | 登录号 | 条形码 | 馆藏地/架位号 | 状态 | 备注 |
| 1 | 734528 | 207345283 | 社科库509/509社科库 6排3列1层/ [索取号:B-49/B034] | 在馆 | |
| 2 | 734529 | 207345292 | 社科库509/509社科库 6排3列1层/ [索取号:B-49/B034] | 在馆 | |
| 3 | 734530 | 207345309 | 社科库509/509社科库 6排3列1层/ [索取号:B-49/B034] | 在馆 |